000 01314nkm a2200277 i 4500
001 3978
003 ES-MaACL
005 20250819062045.0
007 khrbo
008 070620s1987 sp --- g |001||spa d
100 0 _aAlfonso,
_d1902-1990
_919858
245 1 0 _aAlgunos aspectos de la legislación de la II República [
_hFotografía]
_b: política educativa. Vistos desde 1987 /
_cAlfonso (sello).
260 _a[S.l. :
_bs.n.],
_c1987.
300 _a2 fot. :
_bb. y n. ;
_c12 x 18 cm.
500 _aDatos basados en invitación.
511 0 _aIntervienen: Luis Fernando Martínez Parra, Santiago Estecha Fernández.
518 _aActo organizado por el Ateneo de Madrid en colaboración con Acción Republicana Democrática Española (Agrupación de Madrid), celebrado en el salón de actos el martes, 17 de marzo de 1987, a las 20:00 h.
600 1 4 _aMartínez Parra, Luis Fernando.
_978309
600 1 4 _aEstecha Fernández, Santiago.
_948088
610 2 4 _aAteneo de Madrid-
_xActos culturales-
_y1987-
_vFotografías.
_91902
710 2 _aAteneo de Madrid.
_91875
710 2 _aAcción Republicana Democrática Española
_91250
852 _aES-MaACL
_jFOT 44/1987
856 4 _uhttp://www.ateneodemadrid.net/biblioteca_digital/imagenes/1987/0044-1987.jpg
_zVer imagen
999 _c3978
_d3978